Johannes Kepler (Record no. 36065)
[ view plain ]
| 000 -LEADER | |
|---|---|
| fixed length control field | 00602 a2200205 4500 |
| 003 - CONTROL NUMBER IDENTIFIER | |
| control field | IN-BaIIA |
| 005 - DATE AND TIME OF LATEST TRANSACTION | |
| control field | 20240930102929.0 |
| 008 - FIXED-LENGTH DATA ELEMENTS--GENERAL INFORMATION | |
| fixed length control field | 240921b |||||||| |||| 00| 0 eng d |
| 020 ## - INTERNATIONAL STANDARD BOOK NUMBER | |
| International Standard Book Number | 978-3-030-46857-6 |
| 040 ## - CATALOGING SOURCE | |
| Transcribing agency | IIA Library |
| 080 ## - UNIVERSAL DECIMAL CLASSIFICATION NUMBER | |
| Universal Decimal Classification number | 92:52 |
| Item number | OST |
| 100 ## - MAIN ENTRY--PERSONAL NAME | |
| Personal name | Osterhage, Wolfgang |
| 9 (RLIN) | 49165 |
| 245 ## - TITLE STATEMENT | |
| Title | Johannes Kepler |
| Remainder of title | the order of things |
| Statement of responsibility, etc. | by Wolfgang Osterhage |
| 260 ## - PUBLICATION, DISTRIBUTION, ETC. | |
| Place of publication, distribution, etc. | Switzerland |
| Name of publisher, distributor, etc. | Springer Nature |
| Date of publication, distribution, etc. | 2020 |
| 300 ## - PHYSICAL DESCRIPTION | |
| Extent | ix, 132p. |
| 490 ## - SERIES STATEMENT | |
| Series statement | Springer Biographies |
| 650 ## - SUBJECT ADDED ENTRY--TOPICAL TERM | |
| Topical term or geographic name entry element | Johannes kepler-Biography |
| 9 (RLIN) | 27541 |
| 650 ## - SUBJECT ADDED ENTRY--TOPICAL TERM | |
| Topical term or geographic name entry element | Biography- Johannes kepler |
| 9 (RLIN) | 7447 |
| 942 ## - ADDED ENTRY ELEMENTS (KOHA) | |
| Source of classification or shelving scheme | Universal Decimal Classification |
| Koha item type | Books |
| Withdrawn status | Lost status | Source of classification or shelving scheme | Damaged status | Not for loan | Home library | Current library | Shelving location | Date acquired | Source of acquisition | Cost, normal purchase price | Total Checkouts | Full call number | Barcode | Date last seen | Cost, replacement price | Price effective from | Koha item type | Purchase Price |
|---|---|---|---|---|---|---|---|---|---|---|---|---|---|---|---|---|---|---|
| Universal Decimal Classification | IIA Library-Bangalore | IIA Library-Bangalore | General Stacks | 29/08/2024 | 7 | 7024.21 | 92:52/ OST | 20670 | 21/09/2024 | 8263.78 | 21/09/2024 | Books |